Informe sobre Desarrollo Humano 2005 La Cooperación internacional ante una encrucijada:
Kaydedildi:
| Materyal Türü: | Metin |
|---|---|
| Konular: | |
| Etiketler: |
Etiketle
Etiket eklenmemiş, İlk siz ekleyin!
|
MARC
| LEADER | 00000 a a2200000 04500 | ||
|---|---|---|---|
| 001 | 44809 | ||
| 003 | |||
| 040 | |||
| 245 | |a Informe sobre Desarrollo Humano 2005 |b La Cooperación internacional ante una encrucijada: |b Ayuda al desarrollo, comercio y seguridad enun mudno desigual | ||
| 650 | |a DESARROLLO HUMANO | ||
| 650 | |a COOPERACION INTERNACIONAL | ||
| 650 | |a VIOLENCIA | ||
| 650 | |a DESIGUALDAD | ||
| 650 | |a COMERCIO INTERNACIONAL | ||
| 773 | |g (2005) | ||
| 999 | |c 30408 |d 30408 | ||
